Návrh opatrení na zvýšenie návštevnosti hradov a zámkov vo vybranej lokalite bakalárska práca

Na minha lista:
Detalhes bibliográficos
Autor principal: Lacová, Milina Pavla
Autor Corporativo: Obchodná fakulta EU. Katedra cestovného ruchu
Outros Autores: Pospíšilová, Vanesa, 1998-
Formato: Livro
Idioma:eslovaco
Publicado em: Bratislava 2025
Tags: Adicionar Tag
Sem tags, seja o primeiro a adicionar uma tag!

MARC

LEADER 00000nbm a2200000 4500
001 0311146
005 20251112134719.8
041 0 |a slo 
044 |a SK 
245 1 0 |a Návrh opatrení na zvýšenie návštevnosti hradov a zámkov vo vybranej lokalite  |b bakalárska práca  |c Milina Pavla Lacová ; školiteľ: Vanesa Pospíšilová 
264 1 |a Bratislava  |c 2025 
300 |a 56 s. 
100 1 |a Lacová, Milina Pavla 
700 1 |a Pospíšilová, Vanesa, 1998- 
710 2 |a Obchodná fakulta EU. Katedra cestovného ruchu